[Event "Chicago Open 2013"]
[Site "Wheeling USA"]
[Date "2013.05.26"]
[Round "6.3"]
[White "Friedel,J"]
[Black "Holt,C"]
[Result "1/2-1/2"]
[WhiteElo "2485"]
[BlackElo "2513"]

1.Nf3 d5 2.g3 Nf6 3.Bg2 c6 4.O-O Nbd7 5.d4 g6 6.Nbd2 Bg7 7.b3 O-O 8.Bb2 Nb6
9.c4 Bf5 10.Nh4 Be6 11.c5 Nbd7 12.Qc2 Qc8 13.h3 Nh5 14.e3 f5 15.Nhf3 Ndf6
16.Ne5 Ne4 17.Nxe4 dxe4 18.b4 Nf6 19.a4 Nd5 20.Bc3 Qc7 21.Rab1 Rfd8 22.Rfd1 Bxe5
23.dxe5 a5 24.bxa5 Nxc3 25.Rxd8+ Qxd8 26.Qxc3 Qxa5 27.Qxa5 Rxa5 28.Rxb7 Kf7
29.Rb4 Rxc5 30.Bf1 Bd5 31.Kg2 Ke6 32.g4 Ra5 33.gxf5+ gxf5 34.Rb8 Rxa4 35.Rh8 Ra1
36.Be2 Ra2 37.Bh5 f4 38.Kg1 fxe3 39.fxe3 Kxe5 40.Rxh7 Kf6 41.Rh8 Be6 42.Rf8+ Kg5
43.Bg4 Bxg4 44.Rg8+ Kf5 45.hxg4+ Ke6 46.Kf1 c5 47.Rc8 Kd5 48.g5 Ra6 49.Rg8 Kc4
50.Kf2 Ra2+ 51.Kg3 Kd3 52.Kf4 Rf2+ 53.Ke5 Rg2 54.Kf4 Rf2+ 55.Ke5 c4 56.g6 Rg2
57.Kf4 Rf2+ 58.Ke5 Kxe3 59.Ra8 c3 60.g7 Rg2 61.g8=Q Rxg8 62.Rxg8 c2  1/2-1/2

[Event "40 Yrs Beer Sheva CC"]
[Site "Beer Sheva ISR"]
[Date "2013.05.27"]
[Round "4"]
[White "Laznicka,V"]
[Black "Fridman,D"]
[Result "0-1"]
[WhiteElo "2679"]
[BlackElo "2648"]

1.Nf3 d5 2.g3 Nf6 3.Bg2 e6 4.O-O Be7 5.d3 c5 6.Nbd2 Nc6 7.e4 Qc7 8.Re1 b6
9.Qe2 Bb7 10.e5 Nd7 11.c4 dxc4 12.dxc4 O-O-O 13.Nb3 h6 14.Bd2 a5 15.Bc3 Ndb8
16.Rad1 Rxd1 17.Rxd1 Rd8 18.a4 Nb4 19.Rxd8+ Qxd8 20.Bxb4 axb4 21.Nfd2 Nc6
22.f4 Kc7 23.Kf1 g6 24.Ne4 Qa8 25.Qd3 Nd8 26.Nbd2 Qxa4 27.b3 Qd7 28.Qe3 Nc6
29.Nf3 Qd1+ 30.Kf2 Nd4 31.Ned2 Qc2 32.Ke1 Qb2 33.Kf1 Qc3 34.Kf2 Bc6 35.Ne1 Bxg2
36.Nxg2 Nf5 37.Qe2 h5 38.Ne1 g5 39.Nef3 g4 40.Ne1 Qd4+ 41.Kg2 Ne3+ 42.Kh1 h4
43.Qd3 Qc3 44.Kg1 hxg3 45.hxg3 f5 46.Kf2 Nd1+ 47.Ke2 Qc1 48.Nb1 Qxb1 49.Qxd1 Qe4+
50.Kf2 b5 51.Qa1 bxc4 52.Qa5+ Kd7 53.Qb5+ Qc6 54.Qxc4 Ke8 55.Ke2 Kf7 56.Qd3 Qh1
57.Nc2 c4 58.bxc4 Qf3+ 59.Kd2 b3 60.Qxf3 gxf3 61.Ne3 Bc5 62.Nf1 Bd4 63.Kd3 Ke7
64.Nd2 f2 65.Ke2 b2  0-1

[Event "21st Sigeman & Co"]
[Site "Malmo SWE"]
[Date "2013.05.27"]
[Round "6.4"]
[White "Tikkanen,H"]
[Black "Hector,J"]
[Result "1-0"]
[WhiteElo "2537"]
[BlackElo "2512"]

1.Nf3 d5 2.g3 Nc6 3.d4 Bg4 4.Bg2 Qd7 5.c4 e6 6.cxd5 exd5 7.Nc3 Bb4 8.O-O Nge7
9.Qb3 a5 10.Nb5 a4 11.Qd1 O-O 12.a3 Ba5 13.Qxa4 Bxf3 14.Bxf3 Nxd4 15.Qxd4 Qxb5
16.b4 Bb6 17.Qd2 Rad8 18.a4 Qd7 19.a5 Ba7 20.Bb2 d4 21.Bxb7 c6 22.Ba6 Qh3
23.Kh1 Nd5 24.Rg1 Nf6 25.Rg2 Rd5 26.Bc4 Rh5 27.f3 Qd7 28.Rd1 c5 29.b5 Bb8
30.e4 Re8 31.Kg1 Rhe5 32.Qd3 g5 33.b6 Qa4 34.a6 g4 35.Rf2 gxf3 36.Rxf3 Rxe4
37.Rxf6 Re3 38.Qf1 Bxg3 39.Bxf7+ Kg7 40.Bxe8 Qxe8 41.Rf7+  1-0

[Event "Hungarian National Open 2013"]
[Site "Zalakaros HUN"]
[Date "2013.05.27"]
[Round "6"]
[White "Medvegy,Z"]
[Black "Gonda,L"]
[Result "1/2-1/2"]
[WhiteElo "2552"]
[BlackElo "2524"]

1.Nf3 d5 2.g3 Bg4 3.Bg2 c6 4.c4 e6 5.cxd5 Bxf3 6.Bxf3 cxd5 7.d3 Nc6 8.Nc3 Nf6
9.O-O Be7 10.Bf4 O-O 11.Bg2 Rc8 12.a3 Nd7 13.h4 a6 14.Rb1 b5 15.Rc1 b4 16.axb4 Nxb4
17.Qb3 Qb6 18.Na4 Qb5 19.Nc3 Qb6 20.Na4 Qb5 21.Nc3  1/2-1/2

[Event "2nd Salento Open"]
[Site "Gallipoli ITA"]
[Date "2013.05.29"]
[Round "6.7"]
[White "Chernukhin,Alexander"]
[Black "Dedijer,M"]
[Result "1/2-1/2"]
[WhiteElo "2091"]
[BlackElo "1980"]

1.Nf3 d5 2.g3 c6 3.Bg2 Bg4 4.d3 Nf6 5.O-O Nbd7 6.Nbd2 e5 7.e4 dxe4 8.dxe4 Bc5
9.c3 O-O 10.Qc2 b5 11.Re1 Re8 12.Nf1 Qc7 13.Be3 Rad8 14.N3d2 Bb6 15.h3 Be6
16.Bxb6 Qxb6 17.Ne3 Nc5 18.Ndf1  1/2-1/2

[Event "Hungarian National Open 2013"]
[Site "Zalakaros HUN"]
[Date "2013.05.29"]
[Round "8"]
[White "Boros,De"]
[Black "Kozak,Adam"]
[Result "1-0"]
[WhiteElo "2498"]
[BlackElo "2092"]

1.Nf3 d5 2.g3 c6 3.Bg2 Nf6 4.d3 g6 5.b3 Bg7 6.Bb2 O-O 7.O-O Bf5 8.Nbd2 Qc8
9.c4 Bh3 10.Rc1 Bxg2 11.Kxg2 Qd8 12.Qc2 Na6 13.a3 Ne8 14.b4 Nac7 15.Nb3 Bxb2
16.Qxb2 b6 17.Ne5 Qd6 18.c5 bxc5 19.Rxc5 d4 20.Nc4 Qf6 21.Qxd4 Qe6 22.Qe3 Qd7
23.Ne5 Qd6 24.Nc4 Qd7 25.Nca5 Ne6 26.Rxc6 Qd5+ 27.Qf3 Qe5 28.Rxe6  1-0

[Event "6th Mayors Cup 2013"]
[Site "Mumbai IND"]
[Date "2013.05.30"]
[Round "2"]
[White "Pantsulaia,L"]
[Black "Murali Krishnan,B"]
[Result "1-0"]
[WhiteElo "2563"]
[BlackElo "2301"]

1.Nf3 d5 2.g3 Nf6 3.Bg2 c6 4.c4 e6 5.O-O Be7 6.b3 O-O 7.Bb2 a5 8.Nc3 d4 9.Na4 c5
10.e3 Nc6 11.exd4 cxd4 12.Re1 Rb8 13.Qc2 b6 14.a3 Ba6 15.d3 Qd6 16.Bc1 Nd7
17.Nd2 e5 18.f4 f5 19.Nf3 Bf6 20.fxe5 Ncxe5 21.b4 Bb7 22.Nxe5 Nxe5 23.Bf4 Bxg2
24.Qxg2 axb4 25.axb4 Rbe8 26.b5 Qd8 27.Bxe5 Rxe5 28.Rxe5 Bxe5 29.Nxb6 f4
30.Ra8 Bb8 31.Qd5+ Qxd5 32.Nxd5 fxg3 33.Ne7+ Kf7 34.Nc6 gxh2+ 35.Kg2 Bf4
36.Rxf8+ Kxf8 37.b6 Ke8 38.b7 Kd7 39.b8=Q Bxb8 40.Nxb8+ Kd6 41.Na6 g5 42.Nb4 h5
43.Kxh2 Ke6 44.Nc6  1-0

[Event "ZANOS 2013"]
[Site "Novi Sad/Vukovar SRB/CRO"]
[Date "2013.05.30"]
[Round "7.5"]
[White "Dokic,Z"]
[Black "Pucovski,M"]
[Result "1/2-1/2"]
[WhiteElo "2224"]
[BlackElo "2294"]

1.Nf3 d5 2.g3 Bg4 3.Bg2 c6 4.O-O Nd7 5.d3 e6 6.Nbd2 Bd6 7.b3 Ngf6 8.Bb2 O-O
9.c4 a5 10.a3 Qb8 11.Qc2 b5 12.Rfc1  1/2-1/2

[Event "Hungarian National Open 2013"]
[Site "Zalakaros HUN"]
[Date "2013.05.30"]
[Round "9"]
[White "Medvegy,Z"]
[Black "Banusz,T"]
[Result "1/2-1/2"]
[WhiteElo "2552"]
[BlackElo "2592"]

1.Nf3 d5 2.g3 g6 3.c4 c6 4.Bg2 Bg7 5.O-O Nf6 6.cxd5 cxd5 7.d4 O-O 8.Nc3 Ne4
9.Ne5 Nxc3 10.bxc3 e6 11.e4 dxe4 12.Bxe4 Nd7 13.f4 Qc7 14.Qb3 Nf6 15.Bf3 Rb8
16.Ba3 Re8 17.c4 Bf8 18.Bb2 Bg7 19.Kg2 Nd7 20.Ba3 Bf8 21.Bxf8 Rxf8 22.h4 Rd8
23.Rfd1 Nxe5 24.fxe5 b6 25.Rac1 Bb7 26.h5 Qe7 27.Qe3 Bxf3+ 28.Kxf3 f6 29.hxg6 hxg6
30.exf6 Rf8 31.Kg2 Rxf6 32.Rd2 Rbf8 33.Re1 Qc7 34.d5 exd5 35.cxd5 Qd6 36.Qe7 R8f7
37.Qxd6 Rxd6 38.g4 Kf8 39.Kg3 b5 40.Kh4 Re7 41.Rxe7 Kxe7 42.Kg5 Ra6 43.Kh6 b4
44.g5 Rd6 45.Re2+ Kd7 46.Rc2 Rb6 47.Rf2 Ra6 48.Kg7 Ke7 49.Re2+ Kd8 50.Kf7 Rd6
51.Re6 Kc7 52.Kxg6 Rxd5 53.Kf6 Rd2 54.Ra6 Kb7 55.Ra4 Rb2 56.g6 Kb6 57.g7 Rf2+
58.Ke5 Re2+ 59.Kf5 Rf2+ 60.Ke5 Re2+ 61.Kf6 Rf2+ 62.Ke6 Re2+ 63.Kf6 Rf2+ 64.Ke6 Re2+
65.Kd6 Rg2 66.Rxb4+ Ka6 67.Ra4+ Kb6 68.Rb4+  1/2-1/2

[Event "35th Nezhmetdinov Cup"]
[Site "Kazan RUS"]
[Date "2013.05.31"]
[Round "1.23"]
[White "Lintchevski,D"]
[Black "Konakov,Nikolay"]
[Result "1-0"]
[WhiteElo "2526"]
[BlackElo "2121"]

1.Nf3 d5 2.g3 e6 3.Bg2 c5 4.c4 Nc6 5.cxd5 exd5 6.d4 Nf6 7.O-O Be7 8.Nc3 O-O
9.Bg5 cxd4 10.Nxd4 h6 11.Be3 Re8 12.Qa4 Na5 13.Rad1 Bg4 14.h3 Bd7 15.Qc2 Qc8
16.Kh2 Be6 17.Bc1 Bf8 18.Nxe6 Qxe6 19.Nxd5 Nxd5 20.Bxd5 Rac8 21.Qa4 Qb6 22.Be3 Qb4
23.Qd7 Qe7 24.Qf5 b6 25.Rd4 Rc7 26.Bf4 Qd7 27.Qd3 Rcc8 28.Bb3 Qc6 29.Ba4  1-0

[Event "6th Mayors Cup 2013"]
[Site "Mumbai IND"]
[Date "2013.05.31"]
[Round "4"]
[White "Pantsulaia,L"]
[Black "Sangma,R"]
[Result "1-0"]
[WhiteElo "2563"]
[BlackElo "2382"]

1.Nf3 d5 2.g3 Nf6 3.Bg2 b5 4.O-O e6 5.b3 a5 6.c4 c6 7.d3 Be7 8.cxb5 cxb5
9.Nc3 Ba6 10.Re1 O-O 11.e4 b4 12.Na4 dxe4 13.dxe4 Bb7 14.Bg5 Nfd7 15.h4 h6
16.Be3 Na6 17.Rc1 Bxe4 18.Ne5 Nf6 19.Bxe4 Qxd1 20.Rexd1 Nxe4 21.Nc6 Bf6 22.Nb6 Nc3
23.Rd2 Nc7 24.Nxa8 Rxa8 25.Rcc2 N7d5 26.Bd4 Ra6 27.Bxf6 Rxc6 28.Bxc3 bxc3
29.Rd3 a4 30.b4 a3 31.Rd4 Rb6 32.Rc4 g6 33.Rc1 Rxb4 34.Rxb4 Nxb4 35.Rxc3 Nxa2
36.Rc4 Kf8 37.Kf1 Ke7 38.Ke2 Kd6 39.Kd2 Kd5 40.Ra4 Kc5 41.Rxa3 Nb4 42.Ra7  1-0

[Event "French Top 12 2013"]
[Site "Haguenau FRA"]
[Date "2013.06.01"]
[Round "3.6"]
[White "Genzling,A"]
[Black "Riff,JN"]
[Result "1/2-1/2"]
[WhiteElo "2401"]
[BlackElo "2458"]

1.g3 d5 2.Nf3 Nc6 3.Bg2 e5 4.d3 Be6 5.O-O h6 6.c4 dxc4 7.Qa4 Bd6 8.dxc4 Bd7
9.Qc2 Nf6 10.Nc3 O-O 11.a3 a5 12.Rd1 Qc8 13.Nd5 Nxd5 14.cxd5 Ne7 15.b3 f5
16.Bb2 Ng6 17.Nd2 a4 18.Rdc1 axb3 19.Qxb3 b5 20.Bc3 Ra4 21.Bb4 Qa6 22.Rab1  1/2-1/2

[Event "6th Mayors Cup 2013"]
[Site "Mumbai IND"]
[Date "2013.06.01"]
[Round "6"]
[White "Hossain,Enam"]
[Black "Ziatdinov,R"]
[Result "1-0"]
[WhiteElo "2487"]
[BlackElo "2348"]

1.Nf3 d5 2.g3 Nc6 3.Bg2 Bg4 4.c4 d4 5.d3 Qd7 6.Qb3 Rb8 7.h3 Bf5 8.Nh4 Be6
9.Qa4 a6 10.a3 Nf6 11.Nd2 Nd8 12.Qc2 c5 13.b4 cxb4 14.axb4 Nc6 15.Qb1 g6
16.Nb3 Bg7 17.Bf4 Ra8 18.b5 Nd8 19.Be5 O-O 20.Nxd4 Nh5 21.Bxg7 Nxg7 22.Qb2 f6
23.Nxe6 Ndxe6 24.bxa6 Rxa6 25.O-O Rxa1 26.Rxa1 Rb8 27.Ra7 Nd8 28.Ra5 Kf8
29.Rd5 Qc7 30.Rb5 Ne8 31.Nf3 Nd6 32.Rb3 Ra8 33.Ra3 Rxa3 34.Qxa3 b5 35.c5 N6b7
36.d4 Qa5 37.Qc1 Nf7 38.Ne1 Nbd8 39.Nd3 Ne6 40.e3 Nc7 41.Qb2 Qa4 42.Nb4 e6
43.Kh2 Ke7 44.e4 Kd7 45.h4 f5 46.d5 fxe4 47.Qg7 Qxb4 48.Qxf7+ Kc8 49.Qf8+  1-0

[Event "Icelandic Open Championship 2013"]
[Site "Reykjavik ISL"]
[Date "2013.06.01"]
[Round "2.8"]
[White "Henner,P"]
[Black "Thorfinnsson,Bj"]
[Result "1/2-1/2"]
[WhiteElo "1837"]
[BlackElo "2377"]

1.Nf3 d5 2.g3 Nf6 3.Bg2 c6 4.O-O Bg4 5.d3 Nbd7 6.Nbd2 Qc7 7.Qe1 e6 8.e4 Bd6
9.d4 dxe4 10.Nxe4 Nxe4 11.Qxe4 Nf6 12.Qe2 h5 13.Bg5 h4 14.Qe3 Nd5 15.Qe4 Bf5
16.Qe2 f6 17.Nxh4 Rxh4 18.Bxh4 g5 19.Bxg5 fxg5 20.Qh5+ Qf7 21.Qxf7+ Kxf7
22.c3 a5 23.Rfe1 a4 24.a3 Nb6 25.Bf1 Bc2 26.c4 c5 27.dxc5 Bxc5 28.Re5 Bd4
29.Rxg5 e5 30.c5 Nd7 31.Bc4+ Kf6 32.h4 Nxc5 33.Rc1 Be4 34.Be2 b6 35.Rd1 Bg6
36.Kg2 Ne6 37.Rxg6+ Kxg6 38.Bc4 Nc5 39.Rd2 Rd8 40.f3 Kf6 41.Kf1 Rc8 42.Ke2 Nb3
43.Bxb3 axb3 44.Kd3 Rc2 45.Rxc2 bxc2 46.Kxc2 Bf2 47.g4 Bxh4 48.Kd3 Bg5 49.a4 Ke6
50.Ke4 Bd2 51.b3 Be1 52.g5 Bc3 53.g6 Kf6 54.g7 Kxg7 55.f4 exf4 56.Kxf4 Kf6
57.Ke4 Ke6 58.Kd3 Be1 59.Kc4 Kd6 60.Kb5 Kc7  1/2-1/2

[Event "French Top 12 2013"]
[Site "Haguenau FRA"]
[Date "2013.06.02"]
[Round "4.5"]
[White "Shoker,S"]
[Black "Sebag,M"]
[Result "1/2-1/2"]
[WhiteElo "2469"]
[BlackElo "2527"]

1.Nf3 d5 2.g3 c6 3.Bg2 Bg4 4.c4 e6 5.cxd5 exd5 6.O-O Nd7 7.d3 Ngf6 8.Nc3 Bc5
9.Qb3 b5 10.h3 Bxf3 11.Bxf3 O-O 12.Bf4 Qe7 13.Rac1 Rfe8 14.e3 h6 15.d4 Bb6
16.a4 g5 17.axb5 gxf4 18.bxc6 fxe3 19.cxd7 Qxd7 20.Nxd5 Nxd5 21.Bxd5 Rad8
22.Bc6 Qe6 23.Qxe6 exf2+ 24.Kg2 Rxe6 25.Rxf2  1/2-1/2

[Event "35th Nezhmetdinov Cup"]
[Site "Kazan RUS"]
[Date "2013.06.02"]
[Round "3.41"]
[White "Pushkin,E"]
[Black "Dordzhieva,D"]
[Result "1-0"]
[WhiteElo "2170"]
[BlackElo "2079"]

1.Nf3 d5 2.g3 c5 3.Bg2 Nc6 4.d4 Bg4 5.Ne5 Bh5 6.Nxc6 bxc6 7.c4 e6 8.O-O Nf6
9.Bg5 h6 10.Bxf6 Qxf6 11.Qa4 Rc8 12.cxd5 Bxe2 13.Re1 Bb5 14.Qxa7 cxd5 15.Nc3 Bc6
16.Bxd5 Bd7 17.Bb7 Rd8 18.Nd5 Qxd4 19.Rad1 Qxb2 20.Nc7+ Ke7 21.Nd5+ Ke8 22.Nb6 Bb5
23.Rxd8+ Kxd8 24.Qb8+ Ke7 25.Nd5+  1-0

[Event "Mitropa Cup 2013"]
[Site "Meissen GER"]
[Date "2013.06.02"]
[Round "2.2"]
[White "Handler,L"]
[Black "Caprio,G"]
[Result "1-0"]
[WhiteElo "2385"]
[BlackElo "2413"]

1.Nf3 d5 2.g3 Bg4 3.Bg2 e6 4.c4 c6 5.cxd5 Bxf3 6.Bxf3 exd5 7.O-O Nf6 8.d3 Nbd7
9.Nc3 Bd6 10.e4 dxe4 11.dxe4 Ne5 12.Bg2 Bc5 13.Bf4 Ng6 14.e5 Nd7 15.Ne4 Be7
16.e6 fxe6 17.Nd6+ Bxd6 18.Bxd6 Nf6 19.f4 Qb6+ 20.Kh1 Rd8 21.f5 Ne5 22.fxe6 h5
23.Qe2 Neg4 24.Be5 h4 25.gxh4 Rxh4 26.Bg3 Rh5 27.Bf3 Rd4 28.e7 Qb4 29.Rad1 Rg5
30.a3 Qc5 31.b4 Qc3 32.Qe6 Ne3 33.Rde1  1-0

[Event "Icelandic Open Championship 2013"]
[Site "Reykjavik ISL"]
[Date "2013.06.02"]
[Round "4.2"]
[White "Danielsen,Hen"]
[Black "Stefansson,H"]
[Result "1/2-1/2"]
[WhiteElo "2500"]
[BlackElo "2507"]

1.Nf3 d5 2.g3 Nf6 3.Bg2 c5 4.O-O Nc6 5.d3 g6 6.c3 Bg7 7.Bf4 O-O 8.Na3 b6
9.Ne5 Bb7 10.Nxc6 Bxc6 11.Be5 Qd7 12.b4 cxb4 13.cxb4 Rfc8 14.Qb3 Ne8 15.Bxg7 Nxg7
16.Rac1 Bb7 17.d4 e6 18.e3 Nf5 19.Rfe1 Nd6 20.Bf1 Rxc1  1/2-1/2

[Event "43rd Open A Bosna 2013"]
[Site "Sarajevo BIH"]
[Date "2013.06.02"]
[Round "2.3"]
[White "Tomic,Bos"]
[Black "Papp,Ga"]
[Result "0-1"]
[WhiteElo "2430"]
[BlackElo "2582"]

1.Nf3 d5 2.g3 c5 3.Bg2 Nf6 4.O-O e6 5.d3 Nc6 6.Nbd2 Be7 7.e4 Qc7 8.Re1 O-O
9.e5 Nd7 10.Qe2 b5 11.a4 b4 12.Nf1 Ba6 13.h4 Rfe8 14.Bf4 Bf8 15.N1h2 Rac8
16.Ng5 h6 17.Ngf3 Nd4 18.Nxd4 cxd4 19.Rec1 b3 20.Nf3 Qb6 21.a5 Qb4 22.Bd2 Qb8
23.Nxd4 bxc2 24.b4 Qxe5 25.Qxe5 Nxe5 26.b5 Nxd3 27.bxa6 Nxc1 28.Rxc1 Rc4
29.Nb5 Rb8 30.Bf1 Rxb5 31.Bxc4 dxc4 32.Rxc2 Rc5 33.Bc3 g5 34.hxg5 hxg5 35.Rb2 Bg7
36.Rb8+ Kh7 37.Bb4 Rc6 38.Rb6 Rc8 39.Rb7 c3 40.Ba3 c2 41.Rxa7 c1=Q+ 42.Bxc1 Rxc1+
43.Kg2 Kg6 44.Rb7 Rc5  0-1

[Event "Grand Europe Open Albena"]
[Site "Albena BUL"]
[Date "2013.06.03"]
[Round "3.45"]
[White "Drogovoz,I"]
[Black "Ziaziulkina,N"]
[Result "0-1"]
[WhiteElo "2001"]
[BlackElo "2330"]

1.Nf3 d5 2.g3 Nf6 3.Bg2 c6 4.O-O Bg4 5.h3 Bh5 6.d3 Nbd7 7.Bf4 e6 8.Qe1 Qb6
9.Nc3 Bxf3 10.Bxf3 Qxb2 11.Rb1 Qxc2 12.Rxb7 Nb6 13.Rc7 Bb4 14.Rxc6 Rc8 15.Rxc8+ Nxc8
16.Qb1 Qxb1 17.Nxb1 Bd6 18.Rc1 Kd7 19.Bd2 Ne7 20.e3 Nc6 21.Kf1 Rb8 22.Bd1 Nb4
23.Ba4+ Ke7 24.Bxb4 Rxb4 25.Bb3 Nd7 26.Nd2 a5 27.Rb1 Rb8 28.Ba4 Nb6 29.Bb3 Ba3
30.Ke2 Kd6 31.Bc2 Bb4 32.Kd1 e5 33.f4 f6 34.Ke2 Nd7 35.fxe5+ fxe5 36.Nb3 Rc8
37.Kd1 Ra8 38.Nd2 Nf6 39.Ke2 Nh5 40.Nf1 Rc8 41.Bb3 Nf6 42.Nd2 Rf8 43.Rf1 Bxd2
44.Kxd2 Ne4+ 45.Ke1 Rxf1+ 46.Kxf1 Nxg3+ 47.Kf2 Nf5 48.e4 dxe4 49.dxe4 Ne7
50.Kf3 Kc5 51.Kg4 Kd4 52.Kf3 Nc8 53.Bg8 h6 54.h4 Nd6 55.Bd5 Nb5 56.Bc6 Nc3
57.a3 g5 58.hxg5 hxg5 59.a4 g4+ 60.Kxg4 Nxe4 61.Kf3 Nc3 62.Kf2 e4 63.Ke1 Kd3
64.Be8 Kc2 65.Bd7 Kd3 66.Be8 Ke3 67.Bd7 Nd5 68.Be8 Nb4 69.Bg6 Nd3+ 70.Kd1 Nb2+
71.Kc2 Nxa4 72.Kb3 Nb6 73.Kc3 Kf3 74.Kd2 e3+ 75.Ke1 Nd5 76.Bd3 Nb4 77.Be2+ Ke4
78.Bd1 Nd3+ 79.Ke2 Nf4+ 80.Ke1 Kd3 81.Bf3 e2  0-1

[Event "35th Nezhmetdinov Cup"]
[Site "Kazan RUS"]
[Date "2013.06.03"]
[Round "4.20"]
[White "Isajevsky,A"]
[Black "Kozionov,Kirill"]
[Result "1-0"]
[WhiteElo "2415"]
[BlackElo "2272"]

1.Nf3 d5 2.g3 Nf6 3.Bg2 Bf5 4.O-O e6 5.c4 c6 6.cxd5 exd5 7.d3 Be7 8.Qb3 Qb6
9.Qc2 c5 10.Nc3 Nc6 11.Bg5 Nb4 12.Qc1 Be6 13.a3 Na6 14.Bxf6 Bxf6 15.Ng5 d4
16.Nce4 Be7 17.Nxe6 Qxe6 18.f4 f5 19.Ng5 Bxg5 20.Bxb7 Rb8 21.Bxa6 Bf6 22.Bc4 Qe3+
23.Kh1 Qxc1 24.Rfxc1 Rxb2 25.Rab1 Rb6 26.Rb5 Be7 27.Ra5 Rb7 28.Bd5 Rc7 29.Rc4 Kd7
30.Rca4 Bd6 31.Kg2 Re8 32.Kf2 h6 33.Rxa7 g5 34.Rxc7+ Bxc7 35.Ra6 Rh8 36.Be6+ Ke7
37.Bxf5 gxf4 38.Re6+ Kd8 39.g4 f3 40.Kxf3 Bxh2 41.Rc6 Ke7 42.Rxc5 Kf6 43.Be4 Be5
44.a4 h5 45.g5+ Ke6 46.Kg2 Rb8 47.a5 Rb1 48.g6 Bg7 49.a6 Ra1 50.Rc7 Be5 51.g7  1-0

[Event "Mitropa Cup Women 2013"]
[Site "Meissen GER"]
[Date "2013.06.03"]
[Round "3.4"]
[White "Seps,M"]
[Black "Sedina,E"]
[Result "1/2-1/2"]
[WhiteElo "2244"]
[BlackElo "2323"]

1.Nf3 d5 2.g3 c6 3.Bg2 Bg4 4.O-O Nd7 5.d4 Ngf6 6.Nbd2 e6 7.Re1 Be7 8.e4 O-O
9.c3 h6 10.Qb3 Qb6 11.exd5 cxd5 12.Ne5 Nxe5 13.dxe5 Qxb3 14.axb3 Nd7 15.b4 a6
16.Nb3 Bd8 17.f4 Bb6+ 18.Be3 Bc7 19.Na5 Rab8 20.Bd4 Rfe8 21.Rac1 Rec8 22.Ra1 Bb6
23.Nb3 Bf5 24.Rac1 Bd3 25.g4 Bc4 26.Bxb6 Nxb6 27.Nd4 Bd3 28.b3 Rc7 29.Re3 Bh7
30.Kf2 Nd7 31.Ke2 Rbc8 32.Kd2 Nb8 33.b5 Kf8 34.Bf1 Be4 35.Ra1 axb5 36.Nxb5 Rd7
37.Nd6 Rcd8 38.Ra7 b6 39.Rxd7 Nxd7 40.Nxe4 dxe4 41.Kc2 g5 42.Rxe4 gxf4 43.b4  1/2-1/2

[Event "6th Mayors Cup 2013"]
[Site "Mumbai IND"]
[Date "2013.06.03"]
[Round "8"]
[White "Rahman,Zia"]
[Black "Swayams,M"]
[Result "0-1"]
[WhiteElo "2498"]
[BlackElo "2406"]

1.g3 d5 2.Nf3 c5 3.Bg2 Nc6 4.d4 Nf6 5.O-O e6 6.c4 dxc4 7.Ne5 Nxe5 8.dxe5 Nd7
9.Na3 Be7 10.Nxc4 O-O 11.Bf4 Rb8 12.a4 Qc7 13.h4 Rd8 14.Qc2 Nf8 15.h5 Bd7
16.Nd6 a5 17.Rfd1 b6 18.Qe4 Bxd6 19.exd6 Qc8 20.h6 f6 21.hxg7 Kxg7 22.g4 e5
23.g5 exf4 24.Qe7+ Kh8 25.Be4 Ne6 26.Qxf6+ Ng7 27.Qxf4 Rf8 28.Qh4 Qe8 29.e3 Nf5
30.Qh2 Rg8 31.b3 Qg6 32.Kh1 Qxg5  0-1

[Event "6th Mayors Cup 2013"]
[Site "Mumbai IND"]
[Date "2013.06.04"]
[Round "9"]
[White "Pantsulaia,L"]
[Black "Zubarev,Al1"]
[Result "1-0"]
[WhiteElo "2563"]
[BlackElo "2559"]

1.Nf3 d5 2.g3 c6 3.Bg2 Bf5 4.d3 h6 5.O-O e6 6.Nbd2 Nf6 7.b3 Be7 8.Bb2 O-O
9.c4 Bh7 10.Rc1 a5 11.a3 Nbd7 12.Rc2 Re8 13.Qa1 Bd6 14.Ne5 Bxe5 15.Bxe5 Nxe5
16.Qxe5 Qe7 17.Qb2 Rad8 18.b4 axb4 19.axb4 e5 20.cxd5 cxd5 21.Rfc1 Bf5 22.Nf3 e4
23.Nd4 Qe5 24.Nxf5 Qxf5 25.Qd4 exd3 26.Qxd3 Qxd3 27.exd3 Rd6 28.Rc5 g5 29.h3 Kf8
30.Bf3 Rb6 31.b5 Rd8 32.Re1 Re6 33.Rxe6 fxe6 34.Rc7 Rd7 35.Rc8+ Kf7 36.Bd1 e5
37.Kf1 h5 38.Ke1 g4 39.h4 Ke6 40.Kd2 Rf7 41.Ke3 Kd6 42.b6 e4 43.d4 Nd7 44.Rc7 Re7
45.Rxb7 Kc6 46.Rc7+ Kxb6 47.Rc8 Nf6 48.Rf8 Re6 49.Kf4 Ne8 50.Kg5 Nd6 51.Kxh5 e3
52.fxe3 Rxe3 53.Kxg4 Rd3 54.Bf3 Rxd4+ 55.Kg5 Rd2 56.h5 d4 57.h6 Rh2 58.g4  1-0

[Event "French Top 12 2013"]
[Site "Haguenau FRA"]
[Date "2013.06.06"]
[Round "8.1"]
[White "Meier,Geo"]
[Black "Iordachescu,V"]
[Result "1/2-1/2"]
[WhiteElo "2655"]
[BlackElo "2582"]

1.Nf3 d5 2.g3 Nc6 3.d4 Bg4 4.Bg2 Qd7 5.h3 Bxf3 6.exf3 O-O-O 7.f4 e6 8.c3 h6
9.h4 f5 10.Nd2 Nf6 11.Nf3 Ne4 12.Be3 Be7 13.Bf1 Bf6 14.h5 Ne7 15.Bd3 Kb8
16.Ne5 Bxe5 17.dxe5 Qc6 18.Bd4 Qe8 19.b4 Ng8  1/2-1/2

[Event "French Top 12 2013"]
[Site "Haguenau FRA"]
[Date "2013.06.06"]
[Round "8.4"]
[White "Fressinet,L"]
[Black "Sebag,M"]
[Result "1-0"]
[WhiteElo "2693"]
[BlackElo "2527"]

1.Nf3 d5 2.g3 c6 3.Bg2 Bg4 4.c4 e6 5.O-O Nd7 6.cxd5 exd5 7.d3 Ngf6 8.Nc3 Bc5
9.Qb3 Bb6 10.Na4 O-O 11.Nxb6 axb6 12.Qc2 Qe7 13.Re1 Rfe8 14.b3 Qb4 15.a3 Qc5
16.Qd2 Bxf3 17.Bxf3 Ne5 18.Bg2 Neg4 19.e3 d4 20.e4 Qb5 21.Qc2 Nd7 22.b4 Qh5
23.h3 Nge5 24.Kh1 Nf3 25.Qe2 Nde5 26.Bf4 g6 27.g4 Qh4 28.Bg3 Qf6 29.g5 Nxg5
30.f4 Nd7 31.fxg5 Qxg5 32.Qf2 Ne5 33.Rf1 Nxd3 34.Qxf7+ Kh8 35.Kh2 Ne5 36.Qxb7 b5
37.Qb6 Rad8 38.Qc5 d3 39.Rad1 Qh5 40.Qc3 Kg8 41.Bxe5 Qxe5+ 42.Qxe5 Rxe5 43.Rf3 d2
44.Rf2 Rd3 45.Rdxd2 Rxa3 46.Rd7 Ra4 47.Rff7 Rxb4 48.Rg7+ Kf8 49.Rxh7 Rh5
50.Rd8+  1-0

[Event "FIDE World Rapid 2013"]
[Site "Khanty-Mansiysk RUS"]
[Date "2013.06.06"]
[Round "1.5"]
[White "Nguyen Ngoc Truong Son"]
[Black "Ponomariov,R"]
[Result "1/2-1/2"]
[WhiteElo "2625"]
[BlackElo "2743"]

1.Nf3 d5 2.g3 c6 3.Bg2 g6 4.O-O Bg7 5.d4 Nf6 6.c4 dxc4 7.a4 Be6 8.Na3 Bd5
9.Qc2 O-O 10.Nxc4 Na6 11.Bd2 c5 12.dxc5 Nxc5 13.Ne3 Rc8 14.Nxd5 Qxd5 15.Rac1 Qb3
16.Be3 Qxc2 17.Rxc2 Nxa4 18.Rxc8 Rxc8 19.Ra1 Nxb2 20.Rxa7 Nd5 21.Bd2 Nc4
22.Rxb7 Bf6 23.Bg5 Nd6 24.Rb1 Kg7 25.Bxf6+ Nxf6 26.Nd4 e5 27.Nf3 e4 28.Nd4 e3
29.fxe3 Rc3 30.Bf3 Rxe3 31.Rb6 Nc4 32.Rb7 Kf8 33.Rc7 Ne5 34.Rc8+ Kg7 35.Rc7 h5
36.h3 Ra3 37.Kf2 Ra6 38.Rc5 Nfd7 39.Rd5 Kf6 40.Nb5 Ke7 41.Rd2 Rb6 42.Nc3 Rb3
43.Nd5+ Kf8 44.Rc2 Rb5 45.Ne3 Nf6 46.Rc8+ Kg7 47.Rc2 Nh7 48.Nc4 Rc5 49.Ne3 Rxc2
50.Nxc2 Ng5 51.Kg2 Kf6 52.Ne3 Ke7 53.Nd5+ Kd6 54.Nf4 Kc5 55.Kf2 Kd4 56.Bg2 Nh7
57.e3+ Kc3 58.Ke2 Nf8 59.Bd5 Nfd7 60.Bxf7 Nxf7 61.Nxg6 Nf6 62.g4 hxg4 63.hxg4 Nxg4
64.Kf3 Nge5+ 65.Nxe5 Nxe5+ 66.Ke4 Nc4 67.Kd5 Nxe3+ 68.Ke4  1/2-1/2

[Event "FIDE World Rapid 2013"]
[Site "Khanty-Mansiysk RUS"]
[Date "2013.06.06"]
[Round "1.10"]
[White "Mamedov,Rau"]
[Black "Ghaem Maghami,E"]
[Result "1-0"]
[WhiteElo "2637"]
[BlackElo "2554"]

1.Nf3 d5 2.g3 Nf6 3.Bg2 c6 4.O-O Bg4 5.c4 e6 6.cxd5 exd5 7.h3 Bxf3 8.Bxf3 Bd6
9.d3 O-O 10.Nc3 Be5 11.d4 Bd6 12.Rb1 Re8 13.b4 a6 14.Bg2 Nbd7 15.a4 h6 16.Qc2 Nb6
17.Re1 Qc7 18.a5 Nbd7 19.Bd2 Nf8 20.e4 dxe4 21.Nxe4 Nxe4 22.Rxe4 Rxe4 23.Qxe4 Rd8
24.Re1 Rd7 25.Qg4 Re7 26.Rxe7 Qxe7 27.d5 c5 28.bxc5 Bxc5 29.Bc3 Ng6 30.h4 h5
31.Qf5 Nf8 32.Kf1 Bb4 33.Qd3 Bxc3 34.Qxc3 Qd6 35.Bf3 g6 36.Qc8 Qd7 37.Qc5 Kg7
38.Kg2 Kg8 39.d6 Ne6 40.Qb6 Nd8 41.Qc7 Qe8 42.Qe7 Qf8 43.Bd5 Kg7 44.Qe5+ Kg8
45.Qf6 Kh7 46.d7 Qh8 47.Qb6 Qe5 48.Bxb7 Nxb7 49.Qxb7 Qxa5 50.Qa8  1-0

[Event "FIDE World Rapid 2013"]
[Site "Khanty-Mansiysk RUS"]
[Date "2013.06.06"]
[Round "2.7"]
[White "Khairullin,I"]
[Black "Najer,E"]
[Result "1/2-1/2"]
[WhiteElo "2658"]
[BlackElo "2633"]

1.Nf3 d5 2.g3 g6 3.c4 dxc4 4.Qa4+ Nc6 5.Qxc4 Bg7 6.Bg2 Nf6 7.O-O O-O 8.d3 Nd5
9.a3 a5 10.Qh4 e5 11.Bg5 f6 12.Bh6 g5 13.Qh5 Be6 14.Bxg7 Kxg7 15.Nc3 Nde7
16.Nd2 Qd7 17.Qf3 Nd4 18.Qxb7 Rab8 19.Qa6 Rxb2 20.Nde4 Rb6 21.Qxa5 Nb3 22.Qa4 Nxa1
23.Rxa1 Qxa4 24.Nxa4 Rb5 25.Nac5 Bd5 26.a4 Ra5 27.Rc1 Rf7 28.Nd2 Bxg2 29.Kxg2 Nf5
30.Ndb3 Ra7 31.a5 Nd4 32.Nxd4 exd4 33.a6 Re7 34.Kf3 Re5 35.e3 dxe3 36.fxe3 Kg6
37.d4 Rd5 38.Ke4 Rf5 39.Rc2 c6 40.Ne6 Ra5 41.Nc5 Ra3 42.Kf3 Re7 43.Re2 h5
44.Kf2 g4  1/2-1/2

[Event "FIDE World Rapid 2013"]
[Site "Khanty-Mansiysk RUS"]
[Date "2013.06.06"]
[Round "4.2"]
[White "Mamedyarov,S"]
[Black "Dreev,A"]
[Result "1/2-1/2"]
[WhiteElo "2753"]
[BlackElo "2668"]

1.Nf3 d5 2.g3 c6 3.Bg2 Bg4 4.O-O Nd7 5.d4 e6 6.Nbd2 Ngf6 7.Re1 Be7 8.e4 O-O
9.c3 c5 10.e5 Ne8 11.h3 Bh5 12.Nf1 Qb6 13.g4  1/2-1/2